000
00234nam a22001097a 4500
082
_a
539.7 GUP'A
100
_a
GUPTA, A.D
_9
75188
245
_a
THE ATOM AND ITS ENERGY
260
_a
LONDON
_b
ASIA
_c
1959
300
_a
140P
942
_c
BK
999
_c
580658
_d
580658